Financing information and communication infrastructure needs in the developing world (Record no. 53237)
[ view plain ]
| 000 -LEADER | |
|---|---|
| fixed length control field | 01349nam a2200325Ia 4500 |
| 082 04 - DEWEY DECIMAL CLASSIFICATION NUMBER | |
| Classification number | 384/.09172/4 |
| 245 00 - TITLE STATEMENT | |
| Title | Financing information and communication infrastructure needs in the developing world |
| 260 ## - PUBLICATION, DISTRIBUTION, ETC. (IMPRINT) | |
| Place of publication | Washington, DC : |
| Name of publisher | World Bank, |
| Year of publication | 2005. |
| 300 ## - PHYSICAL DESCRIPTION | |
| Number of Pages | xv, 37 p. |
| 490 1# - SERIES STATEMENT | |
| Series statement | World Bank working paper ; |
| 650 #0 - SUBJECT ADDED ENTRY--TOPICAL TERM | |
| Topical Term | Telecommunication policy |
| Topical Term | Telecommunication |
| Topical Term | Privatization |
| 856 40 - ELECTRONIC LOCATION AND ACCESS | |
| Uniform Resource Identifier | http://site.ebrary.com/lib/rucke/Doc?id=10091274 |
No items available.
